Podnikateľské prostredie na Slovensku ako súčasť globálneho hospodárskeho prostredia
Charakteristika podnikateľského prostredia na Slovensku. Hospodársky rast Slovenska založený na exporte nadnárodných koncernov. Bariéry rozvoja podnikateľského prostredia. Slovensko z hľadiska podnikateľskej atraktivity na 24. mieste svetovej priečky. Mapovanie podnikateľského prostredia na Slovensk...
Salvato in:
| Autore principale: | |
|---|---|
| Natura: | Capitolo di libro |
| Lingua: | slovacco |
| Soggetti: | |
| Tags: |
Nessun Tag, puoi essere il primo ad aggiungerne!!
|
MARC
| LEADER | 00000naa$a2200000$$$4500 | ||
|---|---|---|---|
| 001 | 0051340 | ||
| 005 | 20240502071611.2 | ||
| 041 | 0 | |a slo | |
| 044 | |a SK | ||
| 245 | 1 | 0 | |a Podnikateľské prostredie na Slovensku ako súčasť globálneho hospodárskeho prostredia |c Adrián Pavlík |
| 520 | |a Charakteristika podnikateľského prostredia na Slovensku. Hospodársky rast Slovenska založený na exporte nadnárodných koncernov. Bariéry rozvoja podnikateľského prostredia. Slovensko z hľadiska podnikateľskej atraktivity na 24. mieste svetovej priečky. Mapovanie podnikateľského prostredia na Slovensku Podnikateľskou alianciou Slovenska. Otázka dostupnosti slovenských regiónov k transeurópskym dopravným sieťam. | ||
| 610 | 2 | 0 | |a prostredie podnikateľské |
| 610 | 2 | 0 | |a podnik malý |
| 610 | 2 | 0 | |a podnik stredný |
| 610 | 2 | 0 | |a korporácie transnacionálne |
| 610 | 2 | 0 | |a dane |
| 610 | 2 | 0 | |a súdnictvo |
| 610 | 2 | 0 | |a registrácia |
| 610 | 2 | 0 | |a infraštruktúra |
| 610 | 2 | 0 | |a doprava |
| 610 | 2 | 0 | |a Slovensko |
| 100 | 1 | |a Pavlík, Adrián | |